000 00521nam a22001937a 4500
001 113773
003 DR-UNIBE
005 20250703111347.0
008 250625b2014 dr ||||| |||| 00| 0 spa d
040 _aBIBLIOTECA UNIBE
_bspa
_cBIBLIOTECA UNIBE
_erda
041 _aspa
082 _aF-RD 5988
245 1 0 _aHistoria de éxito = Success stories
260 _aSanto Domingo :
_bUSAID :
_bAMCHAMDR,
_c2014
300 _a35 páginas
650 7 _2lemb
_aÉxito
650 7 _2lemb
_aEducación básica
942 _2ddc
_cMX
999 _c113773
_d113773